| 000 | 00544nam a2200193Ia 4500 | ||
|---|---|---|---|
| 005 | 20260429112330.0 | ||
| 008 | 260429s9999||||xx |||||||||||||| ||und|| | ||
| 020 | _a9788177145779 | ||
| 041 | _aHindi | ||
| 082 |
_a891.43 _bPRE |
||
| 100 | _aप्रेमचंद | ||
| 245 | 0 |
_aमानसरोवर / _cप्रेमचंद |
|
| 250 | _a0 | ||
| 260 |
_aदिल्ली : _bप्रकाशन संस्थान, _c2023. |
||
| 300 | _a224 p.; Hb | ||
| 440 | _vभाग-4 | ||
| 650 | _aHindi Literature | ||
| 942 | _cTB | ||
| 999 |
_c53536 _d53536 |
||